000 00779cam a22002893a 4500
001 1642
003 PGUSA
005 20140828083004.0
008 990201s1999||||xxu|||||s|||||000 | eng d
040 _aPGUSA
_beng
042 _adc
050 4 _aPA
050 4 _aB
100 1 _aPlato,
_d-428--348
245 1 0 _aEuthyphro
_h[electronic resource] /
_cPlato
260 _bProject Gutenberg,
_c1999
506 _aPublic domain in the USA.
516 _aElectronic text
653 _aPhilosophy, Ancient
653 _aPiety -- Early works to 1800
653 _aSocrates, 470 BC-399 BC
653 _aClassical literature
700 1 _aJowett, Benjamin,
_d1817-1893
830 0 _aProject Gutenberg
_v1642
856 4 0 _uhttp://www.gutenberg.org/ebooks/1642
942 _cEB
999 _c230990
_d230990